Breaking through the glass ceiling : women in management. (Record no. 101528)

MARC details
000 -LEADER
fixed length control field 01117cam a2200265 4500
008 - FIXED-LENGTH DATA ELEMENTS--GENERAL INFORMATION
fixed length control field 000000n2001 000 0 eng u
020 ## - INTERNATIONAL STANDARD BOOK NUMBER
International Standard Book Number 9221108457
035 ## - SYSTEM CONTROL NUMBER
System control number (Sirsi) u113520
050 ## - LIBRARY OF CONGRESS CALL NUMBER
Classification number 658.4094
100 ## - MAIN ENTRY--PERSONAL NAME
Personal name Wirth, L.
110 ## - MAIN ENTRY--CORPORATE NAME
Corporate name or jurisdiction name as entry element International Labour Office
9 (RLIN) 4088
245 ## - TITLE STATEMENT
Title Breaking through the glass ceiling : women in management.
260 ## - PUBLICATION, DISTRIBUTION, ETC.
Name of publisher, distributor, etc. International Labour Office
Date of publication, distribution, etc. 2001
300 ## - PHYSICAL DESCRIPTION
Extent xvi, 186p. ; 24cm.
350 ## - PRICE (NR) (BK AM CF MU VM SE) [OBSOLETE]
Price 11.95
520 ## - SUMMARY, ETC.
Summary, etc. This timely international study reviews the changing position of women in the labour market, in professional and managerial jobs, and in politics. It examines obstacles to women's career development and action taken to improve their opportunities and promote gender equality. Useful career building strategies are offered, including mentoring, networking and career-tracking approaches.
650 ## - SUBJECT ADDED ENTRY--TOPICAL TERM
Topical term or geographic name entry element EQUAL OPPORTUNITIES
650 ## - SUBJECT ADDED ENTRY--TOPICAL TERM
Topical term or geographic name entry element MANAGEMENT
650 ## - SUBJECT ADDED ENTRY--TOPICAL TERM
Topical term or geographic name entry element WOMEN
650 ## - SUBJECT ADDED ENTRY--TOPICAL TERM
Topical term or geographic name entry element CAREER DEVELOPMENT
650 ## - SUBJECT ADDED ENTRY--TOPICAL TERM
Topical term or geographic name entry element INTERNATIONAL
650 ## - SUBJECT ADDED ENTRY--TOPICAL TERM
Topical term or geographic name entry element CAREERS, EDUCATION AND TRAINING
690 ## - LOCAL SUBJECT ADDED ENTRY--TOPICAL TERM (OCLC, RLIN)
Topical term or geographic name as entry element MANAGEMENT-BUSINESS MANAGEMENT
942 ## - ADDED ENTRY ELEMENTS (KOHA)
Suppress in OPAC 0
Holdings
Withdrawn status Lost status Source of classification or shelving scheme Damaged status Not for loan Home library Current library Shelving location Date acquired Cost, normal purchase price Total Checkouts Full call number Barcode Date last seen Date last checked out Copy number Cost, replacement price Price effective from Koha item type
    Dewey Decimal Classification     London London Books 24/07/2001 11.95 3 658.4094 30064702 06/08/2019 04/11/2004 1 11.95 06/08/2019 Book